Calculus

Saved in:
Bibliografiske detaljer
Hovedforfatter: Apostol, Tom M (Author)
Format: Bog
Sprog:spansk
Udgivet: Barcelona Reverté 1980
Udgivelse:2a. ed
Fag:
Tags: Tilføj Tag
Ingen Tags, Vær først til at tagge denne postø!

MARC

LEADER 00000nam a2200000 a 4500
001 UCU4078
003 CL-VaPUC
008 960517e19800000SP |||||||||||||||||spa|d
082 0 4 |a 515  |b APO  |2 21 
100 0 |a Apostol, Tom M  |e author  |9 361488 
245 1 0 |a Calculus 
250 |a 2a. ed 
300 |a 2 v 
942 |c BK 
945 |d 19960517 00:00:00  |a paguirre 
260 |a Barcelona  |b Reverté  |c 1980 
500 |a v.1: Cálculo con funciones de una variable 
500 |a v.2: Cálculo con funciones de varias variables y álgebra lineal, con aplicaciones a las ecuaciones diferenciales y a las probabilidades 
650 0 |a Cálculo  |9 260234 
650 0 |a Álgebra lineal   |9 260445 
650 0 |a Cálculo diferencial   |9 260102 
650 0 |a Variables reales  |9 359780 
650 0 |a Ecuaciones diferenciales  |9 260083 
650 0 |a Números complejos  |9 270335 
583 |a last modification  |c 19960517 00:00:00  |k Rodrigo Vera 
999 |c 247903  |d 247901 
952 |0 0  |1 0  |4 0  |6 515_000000000000000_APO_1980  |7 0  |8 A  |9 264128  |a BIBING  |b BIBING  |d 2019-11-19  |h v.1  |i 165957K  |l 3  |m 3  |o 515 APO 1980  |p 165957K  |r 2025-04-10  |s 2025-04-10  |w 2019-11-19  |y BK  |k EII 
952 |0 0  |1 0  |4 0  |6 515_000000000000000_APO_1980  |7 0  |8 A  |9 264129  |a BIBMAT  |b BIBMAT  |d 2019-11-19  |h v.2  |i 2565773  |o 515 APO 1980  |p 2565773  |r 2025-01-07  |w 2019-11-19  |y BK  |k MAT